[Event "Bucharest-C"]
[Site "Bucharest"]
[Date "2000.??.??"]
[Round "3"]
[White "Grigore, Nicolae Petre"]
[Black "Itkis, Boris"]
[Result "0-1"]
[WhiteElo "2397"]
[BlackElo "2387"]
[PlyCount "53"]
[EventDate "2000.03.??"]
[EventType "tourn"]
[EventRounds "11"]
[EventCountry "ROM"]
[EventCategory "2"]
[Source "ChessBase"]
[SourceDate "2000.11.22"]

1. e4 e6 2. d3 c5 3. g3 Nc6 4. Bg2 g6 5. c3 Bg7 6. Be3 b6 7. Nf3 Nge7 8. d4
cxd4 9. Nxd4 Bb7 10. f4 O-O 11. O-O Rc8 12. Na3 d6 13. Qd2 Nxd4 14. cxd4 f5 15.
e5 Bxg2 16. Qxg2 Nd5 17. Bf2 dxe5 18. dxe5 Qd7 19. Rac1 Qa4 20. Qf3 g5 21. fxg5
Bxe5 22. Qe2 Qe4 23. Qxe4 fxe4 24. Nc4 Bg7 25. a4 Nb4 26. b3 Nd5 27. Ne3 0-1

[Event "Zadar op"]
[Site "Zadar"]
[Date "2004.12.16"]
[Round "6.2"]
[White "Leventic, Ivan"]
[Black "Delchev, Aleksander"]
[Result "0-1"]
[WhiteElo "2502"]
[BlackElo "2601"]
[PlyCount "64"]
[EventDate "2004.12.13"]
[EventType "swiss"]
[EventRounds "9"]
[EventCountry "CRO"]
[Source "ChessBase"]
[SourceDate "2005.01.01"]

1. e4 c5 2. Nf3 e6 3. c4 Nc6 4. Nc3 e5 5. d3 d6 6. g3 Be7 7. Bg2 f5 8. exf5
Bxf5 9. O-O Qd7 10. Nd5 Nf6 11. Ng5 Nxd5 12. Bxd5 Bxg5 13. Bxg5 Nb4 14. Be4 O-O
15. Be3 a5 16. a3 Nc6 17. Bd5+ Kh8 18. f4 Be6 19. Qa4 exf4 20. Bxf4 Rf5 21. Be4
Rf7 22. Rae1 Bh3 23. Rf2 Re8 24. Be3 Rxf2 25. Bxf2 Qf7 26. Qd1 Ne5 27. Bd5 Qf6
28. d4 Rf8 29. Be3 Ng4 30. Bf4 g5 31. Bg2 gxf4 32. Bxh3 fxg3 0-1